000 00750nam a2200241Ia 4500
005 20220713114248.0
008 131103s9999 xx 000 0 und d
020 _a8184290519
_cRs.1425
040 _aLoreto College
041 _aEnglish
082 _a307.72
_bRAO
245 _aRural development and empowerment of weaker sections
_b Practices,promotion and programmes
_cEdited by B.S.Vasudeva Rao, G.Rajani Kanth
250 _a1st ed.
260 _aAmbala
_bThe Associated Publishers
_c2007
300 _a521p.
504 _aIncludes bibliographical references
630 _aRural Sociology
650 _aRural Development
651 _aRural Community Development
700 _aKanth,G.Rajani., ed.
850 _aLCLIB
942 _cBK
999 _c36680
_d87159